00751nam a22002297a 450000500170000001000130001702000100003003500130004003700160005304000120006908200110008110000280009224500420012026000390016227000330020130000210023465000430025565000270029894200200032599900190034595201570036420170124110102.0 aA-043122 c00.00 aA-043122 bCen Lib/Ret aDPLbEN aNbALL aAllen, Elizabeth927282 aDeitz and Denny /cby Allen Elizabeth bMacdonald & Co. Ltd.c1965aLondon aGulf House, 2 Portman Street a122p. c20cm(Hb) aFiction in English, 1900- Texts927283 aEnglish fiction927284 2ddccENhNmALL c129747d129747 04104070aLbLd2015-07-07eCen Lib/Retg0.00l0oN ALLpA-043122r2015-07-07 00:00:00t1v0.00w2015-07-07yENzW/d List No. 6864/8 ; dtd 08/08/2020